000 00595nam a2200193 i 4500
001 64847
003 ES-MaACL
005 20251009172045.0
007 t|
008 040105s1975 sp ||||1| spa d
245 0 3 _aEl fourierismo en España /
_cselección de textos y estudio preliminar de Antonio Elorza.
260 _a[Madrid] :
_bRevista de Trabajo,
_c[1975]
300 _aCXLIX, 362 p. ;
_c20 cm.
490 1 _aSerie clásicos
700 1 _aElorza, Antonio,
_d1943-
_947089
830 0 _aSerie clásicos
_9230731
852 _aES-MaACL
_jL-7881
_bR.107384
999 _c64847
_d64847